000 00481nam a2200193Ia 4500
003 LK-CoDNM
005 20240729132726.0
008 010623t1922 xxu||||| |||| 00| 1 eng d
040 _aLK-CoDNM
_dLK-CoDNM
_eLK-CoDNM
041 _aeng
080 _a14
_bS10
100 _aBinyon,Laurence.
245 _aThe Wisdom of the East : The Flight of the Dragon
260 _bJohn Murray
_aLondon
_c1922
300 _b116p ; 17 cm
650 _aChina
650 _aJapan
942 _cBK
999 _c91126
_d91126